[Event "23rd Dubai Open 2023"]
[Site "Dubai UAE"]
[Date "2023.05.28"]
[Round "2.30"]
[White "Mkrtchyan, Mariam"]
[Black "Mosadeghpour, Masoud"]
[Result "1/2-1/2"]
[WhiteTitle "WIM"]
[BlackTitle "GM"]
[WhiteElo "2360"]
[BlackElo "2479"]
[WhiteFideId "13310828"]
[BlackFideId "12519278"]
[EventDate "2023.05.27"]

1. d4 Nf6 2. c4 e6 3. Nf3 d5 4. Nc3 dxc4 5. e4 b5 6. e5 Nd5 7. Nxb5 Nb6 8. Be2
Be7 9. Be3 Nc6 10. Nc3 a5 11. a3 Ba6 12. Qc2 Rb8 13. Rd1 Qd7 14. h4 Nd5 15. Ne4
Na7 16. Nfd2 Qc6 17. Nxc4 Bxc4 18. Bxc4 Nb6 19. Bd3 Qxc2 20. Bxc2 Nc4 21. d5
Nxe3 22. Ba4+ c6 23. dxc6 O-O 24. fxe3 Rxb2 25. O-O Bxa3 26. Rd7 Nc8 27. Nd6 Nb6
28. c7 Nxd7 29. Bxd7 Rc2 30. c8=Q Rcxc8 31. Nxc8 Rd8 32. Rd1 Bc5 33. Kf2 a4 34.
Rc1 Ba3 35. Rc7 Bb2 36. Bxa4 Bxe5 37. Rc2 Bf6 38. g3 g6 39. Nb6 Kg7 40. Nd7 Be7
41. Ne5 Ra8 42. Bc6 Ra5 43. Nd3 Ra3 44. Bb5 Ra5 45. Bc4 Ra4 46. Kf3 Bd6 47. Nf2
Rb4 48. Ne4 Be7 49. Be2 Rb7 50. Rc8 Ra7 51. Nc3 Rd7 52. Nb5 Bd8 53. Rb8 Bf6 54.
Rc8 Be5 55. Na3 h6 56. Nc4 Bf6 57. Nb6 Rd2 58. Ra8 g5 59. hxg5 hxg5 60. g4 Rd6
61. Rb8 Bc3 62. Rb7 Kg6 63. Nd7 Kg7 64. Bc4 Rc6 65. Bb5 Rc8 66. Nb6 Rh8 67. Nc4
Rd8 1/2-1/2

[Event "23rd Dubai Open 2023"]
[Site "Dubai UAE"]
[Date "2023.05.28"]
[Round "2.31"]
[White "Raja, Rithvik R"]
[Black "Movahed, Sina"]
[Result "1/2-1/2"]
[WhiteTitle "GM"]
[BlackTitle "FM"]
[WhiteElo "2476"]
[BlackElo "2359"]
[WhiteFideId "35007394"]
[BlackFideId "42520835"]
[EventDate "2023.05.27"]

1. d4 Nf6 2. c4 g6 3. Nc3 Bg7 4. e4 d6 5. h3 O-O 6. Be3 Na6 7. g4 c5 8. Nge2
cxd4 9. Nxd4 b6 10. Qd2 Bb7 11. f3 Rc8 12. O-O-O Nd7 13. Bh6 Bf6 14. Kb1 Ne5 15.
Nd5 Re8 16. Nxf6+ exf6 17. Qf4 Qe7 18. Ka1 Nc5 19. g5 f5 20. exf5 Nxf3 21. fxg6
Nxd4 22. gxh7+ Kxh7 23. Qxd4 Qe5 24. Qxe5 dxe5 25. Rg1 Kg6 26. Re1 Kh7 27. Rd1
Kg6 28. Re1 Kh7 29. Rd1 Kg6 30. Re1 Kh7 1/2-1/2

[Event "23rd Dubai Open 2023"]
[Site "Dubai UAE"]
[Date "2023.05.28"]
[Round "2.32"]
[White "Rios, Cristhian Camilo"]
[Black "Tissir, Mohamed"]
[Result "1-0"]
[WhiteTitle "GM"]
[BlackTitle "IM"]
[WhiteElo "2469"]
[BlackElo "2354"]
[WhiteFideId "4403940"]
[BlackFideId "9000240"]
[EventDate "2023.05.27"]

1. e4 c5 2. Nf3 e6 3. d4 cxd4 4. Nxd4 Nf6 5. Nc3 d6 6. g4 a6 7. g5 Nfd7 8. Bg2
b5 9. f4 Bb7 10. f5 e5 11. Ne6 fxe6 12. Qh5+ Ke7 13. fxe6 Qe8 14. Qxe8+ Kxe8 15.
exd7+ Nxd7 16. Be3 h6 17. gxh6 gxh6 18. O-O-O Rc8 19. Nd5 Bxd5 20. exd5 Be7 21.
Bf3 Nf6 22. Rhg1 Rc4 23. b3 Rh4 24. Rd2 Ne4 25. Rd3 Ng5 26. Bg4 Rxh2 27. Rc3 Rf8
28. Rc8+ Kf7 29. Rc7 Ra8 30. Rf1+ Ke8 31. Bd7+ Kd8 32. Bb6 1-0

[Event "23rd Dubai Open 2023"]
[Site "Dubai UAE"]
[Date "2023.05.28"]
[Round "2.33"]
[White "Liyanage, Ranindu Dilshan"]
[Black "Batchuluun, Tsegmed"]
[Result "1/2-1/2"]
[WhiteTitle "FM"]
[BlackTitle "GM"]
[WhiteElo "2342"]
[BlackElo "2466"]
[WhiteFideId "9915834"]
[BlackFideId "4900847"]
[EventDate "2023.05.27"]

1. e4 e5 2. Nf3 Nc6 3. Bc4 Bc5 4. b4 Bxb4 5. c3 Ba5 6. d4 d6 7. Qb3 Qd7 8. O-O
Bb6 9. Nbd2 Na5 10. Qc2 Nxc4 11. Nxc4 Qc6 12. Nxb6 axb6 13. dxe5 dxe5 14. Nxe5
Qa4 15. Qd3 Ne7 16. Qg3 O-O 17. Bg5 Ng6 18. Nxg6 hxg6 19. Rfe1 Qc4 20. h4 c6 21.
Rad1 Rxa2 22. Rd4 Qa6 23. h5 Ra1 24. Rxa1 Qxa1+ 25. Kh2 gxh5 26. Bf6 Bg4 27. f3
gxf6 28. fxg4 Qa5 29. gxh5+ Qg5 30. Rd7 Re8 31. Rxb7 Rxe4 32. Qxg5+ fxg5 33.
Rxb6 Rc4 34. g4 Rxg4 35. Rxc6 Rh4+ 36. Kg3 Kg7 37. c4 f6 38. Rc7+ Kh6 39. Rc8
Kg7 40. Rc7+ Kh6 41. Rc8 Rd4 42. Rh8+ Kg7 43. Rc8 f5 44. c5 Rd3+ 45. Kg2 Rc3 46.
c6 f4 47. c7 g4 48. h6+ Kh7 49. Rf8 Rc2+ 50. Kg1 Rxc7 51. Rxf4 Kxh6 52. Rxg4 Rg7
53. Rxg7 Kxg7 1/2-1/2

[Event "23rd Dubai Open 2023"]
[Site "Dubai UAE"]
[Date "2023.05.28"]
[Round "2.34"]
[White "Chanda, Sandipan"]
[Black "Ahmad, Al Khatib"]
[Result "1-0"]
[WhiteTitle "GM"]
[BlackTitle "GM"]
[WhiteElo "2460"]
[BlackElo "2344"]
[WhiteFideId "5004225"]
[BlackFideId "8103178"]
[EventDate "2023.05.27"]

1. d4 d5 2. Nf3 Nf6 3. Bf4 c5 4. e3 Nc6 5. Be2 cxd4 6. exd4 Bg4 7. c3 e6 8. Nbd2
Bd6 9. Bxd6 Qxd6 10. O-O O-O 11. Re1 Bxf3 12. Nxf3 Qc7 13. Bd3 Rab8 14. Rc1 b5
15. b4 Rfc8 16. a3 a5 17. Qd2 h6 18. h3 axb4 19. axb4 Ne4 20. Bxe4 dxe4 21. Nh2
Ne7 22. Rxe4 Nd5 23. Re5 f6 24. Rxe6 Qf4 25. Qb2 Nxb4 26. Qb3 Rc4 27. Rce1 Nd3
28. Re8+ Rxe8 29. Rxe8+ Kf7 30. Ng4 Qc1+ 31. Kh2 Qb2 32. Qxb2 Nxb2 33. Rb8 Rxc3
34. Rxb5 Nd3 35. Rb7+ Kg6 36. f3 h5 37. Ne3 Nf4 38. Re7 h4 39. Re4 Ne2 40. Nd5
Rd3 41. Rxe2 Rxd4 42. Ne7+ Kg5 43. Re4 Rxe4 44. fxe4 Kf4 45. Ng6+ Kg5 46. Nf8
Kf4 47. Ne6+ Kxe4 48. Nxg7 Kf4 49. Kg1 Kg3 1-0

[Event "23rd Dubai Open 2023"]
[Site "Dubai UAE"]
[Date "2023.05.28"]
[Round "2.35"]
[White "Panda, Sambit"]
[Black "Saeed, Ishaq"]
[Result "1-0"]
[WhiteTitle "IM"]
[BlackTitle "IM"]
[WhiteElo "2436"]
[BlackElo "2303"]
[WhiteFideId "25091794"]
[BlackFideId "9301453"]
[EventDate "2023.05.27"]

1. d4 Nf6 2. Nf3 e6 3. c4 b6 4. g3 Bb4+ 5. Bd2 a5 6. Bg2 Bb7 7. O-O O-O 8. Bg5
h6 9. Bxf6 Qxf6 10. a3 Be7 11. Nc3 d6 12. e4 Qg6 13. e5 d5 14. cxd5 Bxd5 15.
Nxd5 exd5 16. Ne1 c6 17. Nd3 Qh7 18. Rc1 Ra7 19. a4 Kh8 20. h4 Rd8 21. f4 f5 22.
h5 Rc7 23. Qb3 Rb7 24. Bh3 Rf8 25. e6 Bf6 26. Ne5 Bxe5 27. fxe5 g6 28. Qd3 Rg7
29. Kh2 Re8 30. hxg6 Qxg6 31. Rxf5 Reg8 32. Rcf1 c5 33. R1f3 Nc6 34. dxc5 bxc5
35. Rf6 Qg5 36. R3f5 Qxg3+ 37. Qxg3 Rxg3 38. Rxh6+ Kg7 39. Rh4 Nd4 40. Rf7+ Kg6
41. Kxg3 Rb8 42. Rg4+ Kh6 43. e7 Rb3+ 44. Kh4 Rb8 45. Rxd4 cxd4 46. Bf5 1-0

[Event "23rd Dubai Open 2023"]
[Site "Dubai UAE"]
[Date "2023.05.28"]
[Round "2.36"]
[White "Averin, Nikolay"]
[Black "Zou, Chen"]
[Result "0-1"]
[WhiteTitle "FM"]
[BlackTitle "IM"]
[WhiteElo "2259"]
[BlackElo "2413"]
[WhiteFideId "24250473"]
[BlackFideId "8610959"]
[EventDate "2023.05.27"]

1. e4 e5 2. Nf3 Nc6 3. Bb5 a6 4. Ba4 Nf6 5. O-O Be7 6. Re1 b5 7. Bb3 d6 8. c3
O-O 9. h3 Nb8 10. d4 Nbd7 11. Nbd2 Bb7 12. Bc2 Re8 13. Nf1 Bf8 14. Ng3 g6 15. b3
c6 16. Bb2 Bg7 17. Qd2 Qc7 18. Rad1 Rad8 19. c4 Bc8 20. d5 bxc4 21. bxc4 Nb6 22.
Bb3 c5 23. Bc3 Bd7 24. Qc2 Rb8 25. a4 a5 26. Nd2 Qa7 27. Nb1 Qb7 28. Nd2 Qa6 29.
Ra1 h5 30. Ngf1 Bh6 31. Ne3 h4 32. Ra3 Kg7 33. Ndf1 Rh8 34. Bd2 Nh5 35. Nd1 Bf4
36. Bxf4 Nxf4 37. Nfe3 Qc8 38. f3 Bxh3 39. gxh3 Qxh3 40. Ng2 Qg3 41. Kf1 h3 42.
Nxf4 h2 0-1

[Event "23rd Dubai Open 2023"]
[Site "Dubai UAE"]
[Date "2023.05.28"]
[Round "2.37"]
[White "Hesham, Abdelrahman"]
[Black "Al Hosani, Omran"]
[Result "1-0"]
[WhiteTitle "GM"]
[BlackTitle "IM"]
[WhiteElo "2409"]
[BlackElo "2270"]
[WhiteFideId "10600183"]
[BlackFideId "9308733"]
[EventDate "2023.05.27"]

1. e4 e5 2. Nf3 Nc6 3. Bc4 Bc5 4. c3 Nf6 5. d4 exd4 6. e5 d5 7. Bb5 Ne4 8. cxd4
Bb6 9. Nc3 O-O 10. Be3 f6 11. exf6 Nxc3 12. f7+ Rxf7 13. bxc3 Bg4 14. Be2 Rf8
15. h3 Bf5 16. O-O Qd6 17. Qd2 Rae8 18. Bf4 Qf6 19. Bg3 h6 20. Rae1 Bh7 21. Bd1
Qf5 22. Ba4 Rxe1 23. Rxe1 Qd3 24. Qxd3 Bxd3 25. Bxc6 bxc6 26. Re7 Bb1 27. Bxc7
Bxa2 28. Bxb6 axb6 29. Rb7 b5 30. Rc7 Bc4 31. Ne5 Ra8 32. f4 Ra1+ 33. Kh2 Rf1
34. Rc8+ Kh7 35. Kg3 g5 36. Rc7+ Kg8 37. fxg5 hxg5 38. Kg4 Rg1 39. Kxg5 Rxg2+
40. Kf6 Rg3 41. h4 Rxc3 42. h5 Rh3 43. Ng6 Rf3+ 44. Kg5 1-0

[Event "23rd Dubai Open 2023"]
[Site "Dubai UAE"]
[Date "2023.05.28"]
[Round "2.38"]
[White "Eric, Jovana"]
[Black "Bai, Adelard"]
[Result "0-1"]
[WhiteTitle "WGM"]
[BlackTitle "FM"]
[WhiteElo "2217"]
[BlackElo "2409"]
[WhiteFideId "938238"]
[BlackFideId "16301188"]
[EventDate "2023.05.27"]

1. e4 c6 2. d4 d5 3. e5 c5 4. c3 Nc6 5. Be2 Bf5 6. Nf3 e6 7. O-O Bg6 8. Re1 Qb6
9. h3 cxd4 10. cxd4 Bb4 11. Bd2 Nge7 12. Nc3 O-O 13. a3 Bxc3 14. Bxc3 Rfc8 15.
Qd2 a5 16. h4 Bh5 17. Qf4 Ng6 18. Qe3 Bxf3 19. Bxf3 Nxh4 20. Bg4 Ne7 21. Rad1
Nhf5 22. Qh3 Qc6 23. Be2 Ng6 24. g3 b5 25. Kg2 Qb6 26. Rh1 h6 27. Bg4 Nfe7 28.
Rd3 b4 29. Bd2 Rc2 30. Bxh6 gxh6 31. Qxh6 Nf5 32. Bxf5 exf5 33. Rf3 Qxd4 34.
Rxf5 Qe4+ 35. Rf3 Ra7 36. Rh5 Rac7 37. Qh7+ Kf8 38. Rf5 Rxf2+ 39. Kxf2 Rc2+ 40.
Kg1 Qe1+ 0-1

[Event "23rd Dubai Open 2023"]
[Site "Dubai UAE"]
[Date "2023.05.28"]
[Round "2.39"]
[White "Badelka, Olga"]
[Black "Gajcin, Marina"]
[Result "1-0"]
[WhiteTitle "IM"]
[BlackTitle "WIM"]
[WhiteElo "2406"]
[BlackElo "2256"]
[WhiteFideId "13509926"]
[BlackFideId "949086"]
[EventDate "2023.05.27"]

1. d4 Nf6 2. c4 g6 3. Nf3 Bg7 4. e3 O-O 5. Be2 c5 6. d5 d6 7. Nc3 e6 8. O-O exd5
9. cxd5 Bg4 10. h3 Bxf3 11. Bxf3 Nbd7 12. Qc2 a6 13. a4 b6 14. Be2 Ne8 15. e4
Nc7 16. Bf4 Qe7 17. Bg3 Rfe8 18. Rae1 Rab8 19. f4 b5 20. Bg4 b4 21. Nb1 b3 22.
Qc1 Nb6 23. Nd2 Nxa4 24. Nc4 Nb5 25. e5 f5 26. Bd1 Qd7 27. Bxb3 Nb6 28. Nxb6
Rxb6 29. Ba4 Rc8 30. Qd1 Qb7 31. Bh4 Bf8 32. Bxb5 axb5 33. Re2 Be7 34. Bxe7 Qxe7
35. Rfe1 Rbb8 36. Qd2 b4 37. exd6 Qxd6 38. Re6 Qf8 39. d6 Re8 40. Qd5 Rxe6 41.
Rxe6 Kg7 42. Re7+ Kh6 43. g4 Qh8 44. d7 Rd8 45. Qe5 c4 46. Qxh8 Rxh8 47. Re8 c3
48. bxc3 bxc3 49. Rxh8 1-0

[Event "23rd Dubai Open 2023"]
[Site "Dubai UAE"]
[Date "2023.05.28"]
[Round "2.40"]
[White "Anuj, Shrivatri"]
[Black "Ahmad, Al Khatib"]
[Result "1-0"]
[WhiteTitle "IM"]
[BlackTitle "GM"]
[WhiteElo "2404"]
[BlackElo "2344"]
[WhiteFideId "35070924"]
[BlackFideId "8103178"]
[EventDate "2023.05.27"]

1. Nf3 d5 2. g3 Nf6 3. Bg2 Nbd7 4. d4 Nb6 5. Nc3 Bf5 6. Nh4 e6 7. Nxf5 exf5 8.
Bg5 Be7 9. Bxf6 Bxf6 10. e3 c6 11. Qd3 g6 12. Ne2 Qe7 13. b3 O-O 14. O-O Qa3 15.
Qd2 a5 16. Qc1 Qxc1 17. Raxc1 a4 18. c4 axb3 19. axb3 Rfd8 20. Nf4 Bg5 21. cxd5
Nxd5 22. Nxd5 cxd5 23. Rc5 b6 24. Rb5 Rd6 25. Bxd5 Ra5 26. Bc4 Rxb5 27. Bxb5 Be7
28. Ra1 Kg7 29. Ra7 Kf8 30. Rb7 Bf6 31. Kf1 Be7 32. Bc4 Rf6 33. Ke2 h5 34. f3
Rd6 35. Kd3 Rf6 36. Bd5 g5 37. h3 g4 38. hxg4 hxg4 39. Ke2 Rh6 40. fxg4 fxg4 41.
e4 Rh2+ 42. Ke3 Bg5+ 43. Kd3 Be7 44. e5 Rh3 45. Bc4 Rxg3+ 46. Ke4 Rg1 47. d5 b5
48. d6 bxc4 49. Rb8+ Bd8 50. Rxd8+ Kg7 51. bxc4 Re1+ 52. Kf4 g3 53. Kxg3 Rxe5
54. d7 Re3+ 55. Kf4 Rd3 56. c5 1-0

[Event "23rd Dubai Open 2023"]
[Site "Dubai UAE"]
[Date "2023.05.29"]
[Round "3.1"]
[White "Tabatabaei, M. Amin"]
[Black "Indjic, Aleksandar"]
[Result "1/2-1/2"]
[WhiteTitle "GM"]
[BlackTitle "GM"]
[WhiteElo "2677"]
[BlackElo "2618"]
[WhiteFideId "12521213"]
[BlackFideId "911925"]
[EventDate "2023.05.27"]

1. d4 Nf6 2. c4 e6 3. Nc3 d5 4. cxd5 exd5 5. Bg5 c6 6. e3 Nbd7 7. Bd3 Be7 8. Qc2
Nh5 9. Bxe7 Qxe7 10. Nge2 Nb6 11. h3 g6 12. O-O-O Be6 13. Kb1 O-O-O 14. Nc1 Kb8
15. Nb3 Ng7 16. g4 h5 17. f3 Bc8 18. Qf2 Ne6 19. h4 Qb4 20. g5 Na4 21. Ne2 Rhe8
22. Bc2 Nb6 23. a3 Qe7 24. Rhe1 Qc7 25. e4 Ng7 26. Nc5 Nc4 27. Nc3 dxe4 28. fxe4
Bg4 29. Rc1 Ne6 30. Nxe6 Bxe6 31. d5 Bg4 32. Bb3 Ne5 33. dxc6 bxc6 34. Nd5 Qb7
35. Rc3 Ka8 36. Nb4 a5 37. Nxc6 Nxc6 38. Bd5 Rxd5 39. exd5 Rxe1+ 40. Qxe1 Nd4
41. Qe8+ Ka7 42. Qd8 Bf5+ 43. Ka1 Qb6 44. Rc7+ Ka6 45. Qa8+ Kb5 46. Qe8+ Ka6 47.
d6 Qxc7 48. dxc7 1/2-1/2

[Event "23rd Dubai Open 2023"]
[Site "Dubai UAE"]
[Date "2023.05.29"]
[Round "3.2"]
[White "Kovalev, Vladislav"]
[Black "Matlakov, Maxim"]
[Result "1/2-1/2"]
[WhiteTitle "GM"]
[BlackTitle "GM"]
[WhiteElo "2612"]
[BlackElo "2662"]
[WhiteFideId "13504398"]
[BlackFideId "4168003"]
[EventDate "2023.05.27"]

1. e4 c5 2. Nf3 Nc6 3. d4 cxd4 4. Nxd4 Nf6 5. Nc3 e5 6. Ndb5 d6 7. Bg5 a6 8. Na3
b5 9. Nd5 Be7 10. Bxf6 Bxf6 11. c3 Rb8 12. Nc2 Bg5 13. a4 bxa4 14. Ncb4 Nxb4 15.
cxb4 O-O 16. Qxa4 Bb7 17. Bc4 Qc8 18. Qb3 Qg4 19. Qf3 Qxf3 20. gxf3 Bxd5 21.
Bxd5 Rxb4 22. Rxa6 Rxb2 23. O-O Bd8 24. Rxd6 Rb6 25. Rxb6 Bxb6 26. Ra1 Rb8 27.
Ra8 Rxa8 28. Bxa8 Bc5 29. Kg2 Bb6 30. Bb7 Bc5 1/2-1/2

[Event "23rd Dubai Open 2023"]
[Site "Dubai UAE"]
[Date "2023.05.29"]
[Round "3.3"]
[White "Sindarov, Javokhir"]
[Black "Yuffa, Daniil"]
[Result "1/2-1/2"]
[WhiteTitle "GM"]
[BlackTitle "GM"]
[WhiteElo "2661"]
[BlackElo "2592"]
[WhiteFideId "14205483"]
[BlackFideId "24131423"]
[EventDate "2023.05.27"]

1. e4 c5 2. Nf3 d6 3. d4 cxd4 4. Nxd4 Nf6 5. Nc3 a6 6. h3 e5 7. Nb3 Be6 8. f4 b5
9. fxe5 dxe5 10. Qxd8+ Kxd8 11. Bg5 Nd7 12. a4 b4 13. Nd5 Be7 14. Rd1 Bxd5 15.
exd5 Ne4 16. h4 Nxg5 17. hxg5 Bxg5 18. d6 h5 19. Bc4 Rc8 20. Na5 Bf4 21. Rh3 h4
22. Rb3 Nc5 23. Rxb4 h3 24. d7 Nxd7 25. Rb7 Rc7 26. Rb8+ Rc8 27. Rb7 Rc7 28.
Rb8+ Rc8 29. Rb7 Rc7 1/2-1/2

[Event "23rd Dubai Open 2023"]
[Site "Dubai UAE"]
[Date "2023.05.29"]
[Round "3.4"]
[White "Aravindh, Chithambaram VR."]
[Black "Theodorou, Nikolas"]
[Result "1-0"]
[WhiteTitle "GM"]
[BlackTitle "GM"]
[WhiteElo "2633"]
[BlackElo "2591"]
[WhiteFideId "5072786"]
[BlackFideId "4262875"]
[EventDate "2023.05.27"]

1. e4 c5 2. Nc3 Nc6 3. Nf3 g6 4. d4 cxd4 5. Nxd4 Bg7 6. Be3 Nf6 7. Bc4 O-O 8.
Bb3 d5 9. exd5 Na5 10. Qd2 Nxb3 11. Nxb3 b5 12. Nxb5 Qxd5 13. Qxd5 Nxd5 14. Bd4
Bh6 15. O-O Bf5 16. c4 Bd3 17. cxd5 Bxb5 18. Rfe1 Rfd8 19. Rxe7 Rxd5 20. Rae1 a5
21. Bc3 a4 22. Nd4 Bd7 23. Nf3 Bf8 24. R7e5 Rxe5 25. Nxe5 Be6 26. a3 Rc8 27. Nf3
Bb3 28. Nd2 Bxa3 29. Nxb3 axb3 30. g3 f5 31. Rd1 Bf8 32. Rd7 Re8 33. Kf1 Re7 34.
Rd5 Rb7 35. Ke2 Kf7 36. Kd3 Ke6 37. Re5+ Kd7 38. Kc4 Bd6 39. Re2 g5 40. Rd2 Ke6
41. Re2+ Kd7 42. Be5 Be7 43. f4 g4 44. Bc3 Bd6 45. h3 h5 46. hxg4 hxg4 47. Rh2
Be7 48. Re2 Bd6 49. Re1 Rb6 50. Rh1 Rc6+ 51. Kxb3 Bc5 52. Rh2 Bb6 53. Re2 Re6
54. Be5 Rc6 55. Rd2+ Ke6 56. Kb4 Ba7 57. Bd4 Bb8 58. Bc5 Ra6 59. Kb5 Ra1 60. Kc6
Rf1 61. b4 Bxf4 62. gxf4 Rxf4 63. b5 Rf1 64. b6 Rb1 65. b7 f4 66. Bb6 Rc1+ 67.
Kb5 Rb1+ 68. Kc5 1-0

[Event "23rd Dubai Open 2023"]
[Site "Dubai UAE"]
[Date "2023.05.29"]
[Round "3.5"]
[White "Sanal, Vahap"]
[Black "Gupta, Abhijeet"]
[Result "1-0"]
[WhiteTitle "GM"]
[BlackTitle "GM"]
[WhiteElo "2600"]
[BlackElo "2630"]
[WhiteFideId "6300545"]
[BlackFideId "5010608"]
[EventDate "2023.05.27"]

1. e4 c5 2. Nf3 d6 3. Bb5+ Nd7 4. c4 Nf6 5. Nc3 e6 6. d4 cxd4 7. Qxd4 Be7 8. O-O
O-O 9. Bxd7 Bxd7 10. Qd3 Qc7 11. Bg5 Rfd8 12. Rad1 a6 13. Rfe1 Rac8 14. Bxf6
Bxf6 15. Qxd6 Qa5 16. Qd2 Bxc3 17. Qxc3 Qxc3 18. bxc3 Kf8 19. Rd4 Be8 20. Rxd8
Rxd8 21. Kf1 Rc8 22. Nd2 b5 23. Rb1 bxc4 24. Ke2 e5 25. Rb4 a5 26. Rb6 Ke7 27.
f3 Rc5 28. Nf1 Bd7 29. Ne3 Be6 30. Rb8 Kd7 31. Kd2 g6 32. g4 Kc7 33. Rb1 Kc8 34.
g5 Kc7 35. h4 Kc6 36. Kc2 Kc7 37. Ng4 Bxg4 38. fxg4 Kd7 39. a4 Ke6 40. Rb6+ Ke7
41. Rb7+ Ke6 42. Ra7 Rc6 43. Rxa5 Rd6 44. Rc5 Rd3 45. a5 1-0

[Event "23rd Dubai Open 2023"]
[Site "Dubai UAE"]
[Date "2023.05.29"]
[Round "3.6"]
[White "Adhiban, Baskaran"]
[Black "Chigaev, Maksim"]
[Result "1/2-1/2"]
[WhiteTitle "GM"]
[BlackTitle "GM"]
[WhiteElo "2589"]
[BlackElo "2628"]
[WhiteFideId "5018471"]
[BlackFideId "4108116"]
[EventDate "2023.05.27"]

1. d4 Nf6 2. c4 e6 3. Nf3 d5 4. Nc3 Be7 5. g3 O-O 6. Bg2 dxc4 7. O-O Nc6 8. e4
Rb8 9. a4 b6 10. Qe2 Nb4 11. Bf4 Nd3 12. Ne5 Nxf4 13. gxf4 Bb7 14. Rfd1 Bd6 15.
Bf3 Qe7 16. Qxc4 c5 17. Nb5 Nxe4 18. Bxe4 Bxe4 19. Nxd6 Bd5 20. Nf5 Qf6 21. Qc2
exf5 22. dxc5 Qe6 23. Qd3 Bb3 24. Rdc1 Rfd8 25. Qe3 f6 26. Nc6 Qxc6 27. Qxb3+
Kh8 28. cxb6 Qxb6 29. Qxb6 Rxb6 30. Rc5 Rxb2 31. Rxf5 h6 32. Ra5 Rd4 33. Rxa7
Rxf4 34. Rf1 Kh7 35. h3 Ra2 36. Kg2 h5 37. Kg3 Rc4 38. Kg2 Kh6 39. Rd1 Rf4 40.
Rf1 g6 41. Ra5 f5 42. Ra6 Kg5 43. a5 Rfa4 44. Rg1 Rf4 45. Rf1 Kh6 46. Kg3 Rc4
47. Kg2 Rca4 48. Rd1 Rxa5 49. Rxa5 Rxa5 50. h4 Ra4 51. Kg3 Rg4+ 52. Kh3 Kg7 53.
f3 Rc4 54. Rd7+ Kf6 55. Rd6+ Kf7 56. Ra6 f4 57. Ra7+ Kf6 58. Ra6+ Kf5 59. Ra5+
Kf6 1/2-1/2

[Event "23rd Dubai Open 2023"]
[Site "Dubai UAE"]
[Date "2023.05.29"]
[Round "3.7"]
[White "Asadli, Vugar"]
[Black "Yu, Yangyi"]
[Result "0-1"]
[WhiteTitle "GM"]
[BlackTitle "GM"]
[WhiteElo "2584"]
[BlackElo "2729"]
[WhiteFideId "13405764"]
[BlackFideId "8603820"]
[EventDate "2023.05.27"]

1. e4 c5 2. Nf3 d6 3. d4 cxd4 4. Nxd4 Nf6 5. Nc3 a6 6. f4 e5 7. Nb3 Nc6 8. f5
Be7 9. Be2 O-O 10. O-O b5 11. Be3 Bb7 12. a4 Nb4 13. Bf3 d5 14. exd5 Nbxd5 15.
Bf2 Bc6 16. Qe1 b4 17. Nxd5 Bxd5 18. Qxe5 Bxf3 19. gxf3 Bd6 20. Qd4 Qc7 21. Qh4
Qxc2 22. Bd4 Nd5 23. Na5 Nf4 24. Bf2 Qxf5 25. Nc4 Qd5 0-1

[Event "23rd Dubai Open 2023"]
[Site "Dubai UAE"]
[Date "2023.05.29"]
[Round "3.9"]
[White "Fawzy, Adham"]
[Black "Salem, A.R. Saleh"]
[Result "1/2-1/2"]
[WhiteTitle "GM"]
[BlackTitle "GM"]
[WhiteElo "2495"]
[BlackElo "2677"]
[WhiteFideId "10613129"]
[BlackFideId "9301348"]
[EventDate "2023.05.27"]

1. e4 e5 2. Nf3 Nc6 3. Bb5 a6 4. Ba4 Nf6 5. O-O Be7 6. Re1 b5 7. Bb3 O-O 8. c3
d5 9. exd5 Nxd5 10. Nxe5 Nxe5 11. Rxe5 Bb7 12. Qf3 Bd6 13. Bxd5 c6 14. Re2 cxd5
15. d4 Qc7 16. g3 Rae8 17. Rxe8 Rxe8 18. Be3 b4 19. cxb4 Qc2 20. Nd2 Qxb2 21.
Qd1 Bxb4 22. Rb1 Qa3 23. Qb3 Qxb3 24. Rxb3 Bxd2 25. Rxb7 Bxe3 26. fxe3 g6 27.
Rb3 Rc8 28. Ra3 Rc2 29. Rxa6 Re2 30. Ra8+ Kg7 31. Re8 Rxa2 1/2-1/2

[Event "23rd Dubai Open 2023"]
[Site "Dubai UAE"]
[Date "2023.05.29"]
[Round "3.10"]
[White "Sargsyan, Shant"]
[Black "Mchedlishvili, Mikheil"]
[Result "1/2-1/2"]
[WhiteTitle "GM"]
[BlackTitle "GM"]
[WhiteElo "2630"]
[BlackElo "2553"]
[WhiteFideId "13306766"]
[BlackFideId "13600966"]
[EventDate "2023.05.27"]

1. e4 c5 2. Nf3 e6 3. d4 cxd4 4. Nxd4 Nc6 5. Nc3 Qc7 6. g3 a6 7. Bg2 d6 8. Nxc6
bxc6 9. O-O Nf6 10. Na4 Bb7 11. Re1 Nd7 12. b3 Be7 13. Bb2 O-O 14. Qd4 Bf6 15.
Qd2 Rfd8 16. Rad1 Bxb2 17. Nxb2 Nf6 18. Nc4 d5 19. Qa5 Qe7 20. Nb6 Rab8 21. e5
Nd7 22. Nxd7 Rxd7 23. c4 Qd8 24. Qxd8+ Rdxd8 25. c5 a5 26. Rd4 Ra8 27. Ra4 Rdb8
28. Rd1 Bc8 29. Rdd4 Kf8 30. h4 Ke7 31. h5 Rb5 32. b4 Rbb8 33. Bf1 1/2-1/2

[Event "23rd Dubai Open 2023"]
[Site "Dubai UAE"]
[Date "2023.05.29"]
[Round "3.11"]
[White "Murzin, Volodar"]
[Black "Aditya, Mittal"]
[Result "1/2-1/2"]
[WhiteTitle "GM"]
[BlackTitle "GM"]
[WhiteElo "2604"]
[BlackElo "2522"]
[WhiteFideId "44155573"]
[BlackFideId "35042025"]
[EventDate "2023.05.27"]

1. e4 e5 2. Nf3 Nf6 3. Nxe5 d6 4. Nf3 Nxe4 5. Nc3 Nxc3 6. dxc3 Be7 7. Be3 Nd7 8.
Qd2 Ne5 9. Nxe5 dxe5 10. Qxd8+ Bxd8 11. Bc4 h5 12. O-O-O Be7 13. Rhe1 g5 14. f3
Bf5 15. Rd5 f6 16. Ra5 Bd6 17. Bxg5 fxg5 18. Raxe5+ Bxe5 19. Rxe5+ Kd7 20. Rxf5
g4 21. Bd5 Raf8 22. Rg5 c6 23. Rg7+ Kc8 24. Be4 gxf3 25. Bxf3 h4 26. h3 Rfg8 27.
Rf7 Rf8 28. Rg7 Rfg8 29. Rf7 Rf8 30. Rg7 Rfg8 1/2-1/2

[Event "23rd Dubai Open 2023"]
[Site "Dubai UAE"]
[Date "2023.05.29"]
[Round "3.12"]
[White "Sankalp, Gupta"]
[Black "Harsha, Bharathakoti"]
[Result "0-1"]
[WhiteTitle "GM"]
[BlackTitle "GM"]
[WhiteElo "2504"]
[BlackElo "2602"]
[WhiteFideId "5097010"]
[BlackFideId "5078776"]
[EventDate "2023.05.27"]

1. e4 c5 2. Nf3 e6 3. g3 Nc6 4. Bg2 Nf6 5. Qe2 e5 6. O-O Be7 7. c3 O-O 8. Rd1
Re8 9. Na3 Bf8 10. d3 h6 11. Nc4 d6 12. a4 Be6 13. h3 Qc7 14. Ne3 d5 15. Nh2 d4
16. Nd5 Qd8 17. c4 Bd7 18. Nxf6+ Qxf6 19. f4 exf4 20. gxf4 Na5 21. Ra3 Qh4 22.
Bd2 b6 23. Rf1 f5 24. Nf3 Qh5 25. e5 Qf7 26. Nh4 Be7 27. Bxa8 Rxa8 28. Ng2 Nc6
29. Be1 Nd8 30. Bh4 Ne6 31. Bxe7 Qxe7 32. Qf3 Rc8 33. b3 a5 34. Ra2 Bc6 35. Qg3
Qf7 36. Nh4 Kh7 37. Kf2 Rg8 38. Ke1 g5 39. fxg5 Rxg5 40. Qf2 f4 41. Nf3 Rg3 42.
Nxd4 Rg2 43. Nxe6 Rxf2 44. Raxf2 Qxe6 45. Rxf4 Qxe5+ 46. Kd2 Bg2 47. R1f2 Bxh3
48. Rf7+ Kg6 49. Rf8 Qb2+ 50. Ke3 Qd4+ 51. Kd2 Qb2+ 52. Ke3 Qc1+ 53. Kf3 Be6 54.
Kg2 Qg5+ 55. Kh2 Qe5+ 56. Kg1 h5 57. Rg2+ Bg4 58. Rgf2 Qg3+ 59. Kh1 Qxd3 60.
Rg8+ Kh7 61. Rff8 Qh3+ 62. Kg1 Qg3+ 0-1